000 00810nam a2200253Ia 4500
003 OSt
005 20220923231015.0
006 a|||||r|||| 00| 0
007 ta
008 220922b |||||||| |||| 00| 0 pan d
020 _c195
024 _a353,546
037 _b1201, 06/03/2020, H.K. Prakashan
_cTextual
040 _aARTS
_cARTS
_bpan
041 _2pan
_apan
082 _aNR, 153Q9
100 _aਸੁਨੀਤਾ ਰਾਣੀ, ਥਦ.
245 0 _aਸੰਗੀਤ ਦੇ ਵਿਭਿੰਨ ਪਰਿਪੇਖ
260 _aਪਟਿਆਲਾ
_b ਗ੍ਰੈFਿਅਸ
_c2019
300 _a102ਪ੍ਰ0
_ccm.
650 _aਸੰਗੀਤ
942 _hNR, 153Q9
_cTEXL
_2CC
999 _c388735
_d388735